000 00386 a2200157 4500
001 66927
020 _a9788555430954
040 _cAnchieta - Pituba
100 _aOfoego, Obioma
240 1 0 _aGrandes mulheres da história africana
_lpor
245 1 0 _aGrandes mulheres da história africana
300 _a111
362 0 _a2016
650 4 _aHistória geral da África
942 _cBK
999 _c66927
_d66927